LEADER 01077nam a2200265 i 4500 001 000000145648 003 CaOOAMICUS 005 20220718163919.0 008 051203s1959 it u000 u fre u 013 $a121040 040 $aSeMil$bita 100 1 $aGrenet, Paul-Bernard .$0(OLS)http://semarc/name/21451 245 10$aOntologie /$cP.-B. Grenet professeur à l'Institut Catholique de Paris. 250 $aonzième édition revue et corrigée. 264 1$aParis :$bBeauchesne et fils,$c1959. 300 $aXXII, 213 p. ;$c23 cm. 500 $aContiene : Traduction des textes latins. 650 4$aOntologia.$0(OLS)http://semarc/subject/2269 773 0 $tCours de philosophie thomiste.$dParis : Beauchesne et fils, [196?]$w()11135 850 $aSeMil 852 $aSeMil$W1$xVenegono$y1$m660 93 5 *$j98385$B98385$CSeMilBibl$Z2$F106525 $81 961 $aRecupero: Biblioteca Seminario Saronno 996 $6245$aOntologie$9(OLS)http://semarc/title/212934 996 $6264$aParis :$bBeauchesne et fils$9(OLS)http://semarc/publisher/29978 LEADER 01164nam a2200217 i 4500 001 000000216354 003 CaOOAMICUS 005 20250812124647.0 008 121016s1766 it u000 u lat u 026 $ant36 a-ns r.n- gice (3) 1766 (R) 040 $aSeMil$bita 245 10$a3: E-H. 300 $aVI, 615, [1], 108 p. 500 $aSegn.: pg4(-pg4) A-2O8 2P12 a-f8 g6 773 0 $aFerraris, Lucio <1687-1763>$tAdm. R.P.F. Lucii Ferraris ... Prompta bibliotheca canonica, juridica, moralis, theologica ... ordine alphabetico congesta, ac in octo tomos distributa. Tomus 1. [-8.].$bEditio novissima ... a R. Philippo a Carboneano ... notis criticis, ac ab anonymo jurisconsulto romano luculentissimis additionibus locupletata ...$dBononiae, sed prostant Venetiis : Apud Gasparem Stortis, 1766-1767.$g3$w()27541 850 $aSeMil 852 $aSeMil$W1$xVenegono$y1$m2G III 69 FA$j178250$B178250$CSeMilBibl$Z2$F189036 $8I 852 $aSeMil$W1$xVenegono$y1$m2G III 77 FA$j166773$B166773$CSeMilBibl$Z2$F177633 $8I 961 $aLascito: Bidoglio don Maurizio 996 $6245$a3: E-H$9(OLS)http://semarc/title/311133